| 000 | 00343nam a2200145 i 4500 | ||
|---|---|---|---|
| 001 | bg | ||
| 100 | 1 | _aDIETRICH, K. R. | |
| 245 | 0 |
_aDie Abwassertechnik... / _cK.R. Dietrich. |
|
| 250 | _aWyd.2 popr. i rozsz. | ||
| 260 |
_aHeidelberg, _c1973. |
||
| 040 | _cBPK | ||
| 041 | _apol | ||
| 942 | _cKS | ||
| 008 | s pl f |000 0 pol | ||
| 999 |
_c16288 _d16288 |
||
| 856 |
_uhttp://koha.tu.koszalin.pl/cgi-bin/koha/opac-detail.pl?biblionumber=16288 _yKatalog online BPK |
||